000 01101nam a22003017a 4500
003 CHAP
005 20220329135720.0
008 971013s1980 r 00010 d
010 _a41025
011 _a41997
035 _a46124
040 _cCHAP
082 _a633.2
_bF6
110 _aFondo de Garantía y Fomento para la Agricultura, Ganadería y Avicultura. México
_942107
245 _aLeucaena (huaje), Leguminosa tropical mexicana; usos y potencial
260 _a(s.l.) :
_b(s.e.),
_c1980
300 _a90 p.
_b: láms.
590 _aBATCH-UPD
_b10
_c20130110
_lUCH01
_h1836
590 _aCONVERSION
_b10
_c20130109
_lUCH01
_h1323
650 1 4 _aRhizobium.
_997124
901 _aBK
942 _cLIBRO
949 _a633.2 F6
_bBC
_cLIBRO
_d-105165
_eLIBRO
_h48100
_i46124
_si
949 _a633.2 F6
_bBC
_cLIBRO
_d33724000198255
_eLIBRO
_fc.2
_h48101
_i46124
_si
949 _a633.2 F6
_bBC
_cLIBRO
_d33724000198271
_eLIBRO
_fc.3
_h51056
_i46124
_si
949 _a633.2 F6
_bBC
_cLIBRO
_d33724000198313
_eLIBRO
_fc.5
_h84493
_i46124
_si
949 _a633.2 F6
_bBC
_cLIBRO
_d33724000633137
_eLIBRO
_fc.6
_h91770
_i46124
_si
999 _c41025
_d41025